[Event "AUTO-ELITE-2514"]
[Site "http://www.queenalice.com/game.php?id=1828014"]
[Date "2023.12.27"]
[Round "1"]
[White "Guilherme_Ottoni"]
[Black "ichtus"]
[Result "0-1"]
[WhiteElo "2263"]
[BlackElo "2847"]

1. d4 Nf6 2. c4 g6 3. Nc3 d5 4. Nf3 Bg7 5. Qb3 dxc4 6. Qxc4 O-O 7. e4 a6 8. Qb3
c5 9. dxc5 Qa5 10. Qb6 Qxb6 11. cxb6 Nbd7 12. h3 Nxb6 13. Be3 Nbd7 14. Bd3 e6
15. Ke2 Rd8 16. Rhd1 b5 17. a3 Bb7 18. Rac1 h6 19. Nh2 Ne5 20. Bb1 Nc4 21. Rxd8+
Rxd8 22. Ng4 Nxg4 23. hxg4 Nxb2 24. Na2 Nc4 25. Rh1 Nxa3 26. Bd3 a5 27. Bxh6
Bxh6 28. Rxh6 b4 29. Rh1 Bc6 30. Rc1 Bb5 31. Bxb5 Nxb5 32. Rc5 Rb8 33. Nc1 a4
34. Kd2 b3 35. Nd3 a3 36. Kc1 b2+ 37. Kb1 Nc3+ 0-1

[Event "AUTO-ELITE-2514"]
[Site "http://www.queenalice.com/game.php?id=1828015"]
[Date "2023.12.27"]
[Round "1"]
[White "ichtus"]
[Black "Guilherme_Ottoni"]
[Result "1-0"]
[WhiteElo "2844"]
[BlackElo "2262"]

1. Nf3 Nf6 2. g3 g6 3. Bg2 Bg7 4. O-O d5 5. d4 O-O 6. Nbd2 c6 7. c4 a5 8. b3 Bf5
9. Bb2 Ne4 10. e3 Nxd2 11. Qxd2 Nd7 12. cxd5 cxd5 13. Rfc1 Qb6 14. Ba3 Rfe8 15.
Nh4 Be6 16. Nf3 Bf5 17. Nh4 Be6 18. Qc2 Bf6 19. Nf3 Bf5 20. Qc7 Qxc7 21. Rxc7 b5
22. Bb2 Rec8 23. Rac1 Nf8 24. R7c5 Rxc5 25. Rxc5 Rc8 26. Rxc8 Bxc8 27. Ne5 Bb7
28. f4 Bxe5 29. dxe5 e6 30. Bd4 Nd7 31. Bf1 Bc6 32. Bc3 a4 33. bxa4 bxa4 34. Bd4
h5 35. Kf2 f6 36. Ke1 fxe5 37. fxe5 Kg7 38. Kd2 a3 39. Kc3 g5 40. Kb3 Kg6 41.
Bd3+ Kh6 42. Kxa3 g4 43. Kb4 Kg5 44. a4 h4 45. a5 hxg3 46. hxg3 1-0

[Event "AUTO-ELITE-2514"]
[Site "http://www.queenalice.com/game.php?id=1828022"]
[Date "2023.12.27"]
[Round "1"]
[White "ichtus"]
[Black "Sexxy_Bunny"]
[Result "1/2-1/2"]
[WhiteElo "2848"]
[BlackElo "2735"]

1. d4 Nf6 2. Nf3 d5 3. Bf4 c5 4. e3 Nc6 5. Nbd2 cxd4 6. exd4 Bf5 7. c3 e6 8. Bb5
Bd6 9. Bxd6 Qxd6 10. O-O O-O 11. Qe2 a6 12. Bxc6 Qxc6 13. Ne5 Qc7 14. g4 Bc2 15.
Rac1 Ba4 16. Qe3 Ne8 17. b3 Bd7 18. Rfe1 Rd8 19. h3 Bc8 20. Nd3 Nd6 21. Qg3 Qb6
22. Qe3 f6 23. a4 Qa5 24. Qg3 Nf7 25. Nf3 Nd6 26. Nd2 Nf7 27. Nf3 Nd6 28. Nd2
1/2-1/2

[Event "AUTO-ELITE-2514"]
[Site "http://www.queenalice.com/game.php?id=1828023"]
[Date "2023.12.27"]
[Round "1"]
[White "Sexxy_Bunny"]
[Black "ichtus"]
[Result "1/2-1/2"]
[WhiteElo "2737"]
[BlackElo "2846"]

1. e4 c5 2. Nf3 d6 3. d4 cxd4 4. Nxd4 Nf6 5. Nc3 g6 6. Be3 Bg7 7. f3 O-O 8. Qd2
Nc6 9. Bc4 Bd7 10. O-O-O Rc8 11. Bb3 Nxd4 12. Bxd4 b5 13. Nd5 Nxd5 14. Bxg7 Kxg7
15. exd5 a5 16. a3 Kg8 17. h4 b4 18. axb4 axb4 19. h5 Qa5 20. Qd4 Bf5 21. Kd2
Rc5 22. hxg6 Bxg6 23. Ke3 Rc7 24. Rd2 Qc5 25. Qxc5 Rxc5 26. g4 f5 27. Rd4 fxg4
28. Rxg4 Kg7 29. Rhg1 Rb8 30. R1g3 Kf6 31. Rg2 Bf5 32. Rh4 Bg6 33. Rf4+ Bf5 34.
Rh2 Kg6 35. Rfh4 Kf7 36. Rd4 Kg6 37. Rdh4 Kf7 38. Rd4 Kg6 39. Bc4 Rh8 40. Bb3
Rb8 1/2-1/2

[Event "AUTO-ELITE-2519"]
[Site "http://www.queenalice.com/game.php?id=1829878"]
[Date "2024.1.22"]
[Round "1"]
[White "raulzampronha"]
[Black "ichtus"]
[Result "0-1"]
[WhiteElo "2340"]
[BlackElo "2832"]

1. d4 Nf6 2. c4 g6 3. Nc3 d5 4. cxd5 Nxd5 5. e4 Nxc3 6. bxc3 Bg7 7. Nf3 c5 8.
Be3 Qa5 9. Qd2 Nc6 10. Rb1 b6 11. Bb5 Bd7 12. d5 Ne5 13. Bxd7+ Nxd7 14. Rc1 O-O
15. c4 Qxd2+ 16. Nxd2 f5 17. exf5 gxf5 18. g3 Ne5 19. Ke2 e6 20. dxe6 Rae8 21.
Nf3 Ng6 22. Kd2 Rxe6 23. Ng5 Re7 24. Nh3 Rd8+ 25. Kc2 Re4 26. Kb1 Ne5 27. Rhd1
Re8 28. Ng5 Nxc4 0-1

[Event "AUTO-ELITE-2519"]
[Site "http://www.queenalice.com/game.php?id=1829879"]
[Date "2024.1.22"]
[Round "1"]
[White "ichtus"]
[Black "raulzampronha"]
[Result "1-0"]
[WhiteElo "2831"]
[BlackElo "2321"]

1. Nf3 Nf6 2. g3 g6 3. Bg2 Bg7 4. O-O O-O 5. d4 d6 6. c4 Nc6 7. Nc3 a6 8. d5 Na5
9. b3 c5 10. Bb2 Rb8 11. a4 Bd7 12. Ra3 e5 13. dxe6 Bxe6 14. Qa1 Bxc4 15. bxc4
Nxc4 16. Ra2 Nxb2 17. Rxb2 Qe7 18. Qa2 d5 19. e3 Rfd8 20. Rd2 1-0